000
00325nam a2200133Ia 4500
008
240624s9999 xx 000 0 und d
041
_a
eng
082
_a
332.64 CHA
100
_a
CHAN ERNIE
245
_a
QUANTITATIVE TRADING HOW TO BUILD YOUR O
260
_c
2008
_a
New Jersey
_b
Wiley
300
_a
208 : p.
365
_c
_b
29
999
_c
28617
_d
28617